Baṭāṭyācī cāḷa / (Record no. 55889)

MARC details
000 -LEADER
fixed length control field 00575cam a2200193 i 4500
001 - CONTROL NUMBER
control field sa 63004865
003 - CONTROL NUMBER IDENTIFIER
control field DLC
005 - DATE AND TIME OF LATEST TRANSACTION
control field 20260227111951.0
008 - FIXED-LENGTH DATA ELEMENTS--GENERAL INFORMATION
fixed length control field 811029s1958 ii 000 0 mar
010 ## - LIBRARY OF CONGRESS CONTROL NUMBER
LC control number sa 63004865
040 ## - CATALOGING SOURCE
Original cataloging agency DLC
Transcribing agency DLC
Modifying agency DLC
050 00 - LIBRARY OF CONGRESS CALL NUMBER
Classification number PK2418.D42
Item number B37 1958
100 1# - MAIN ENTRY--PERSONAL NAME
Personal name Deshpande, Purushottam Lakshman,
Dates associated with a name 1919-2000.
245 10 - TITLE STATEMENT
Title Baṭāṭyācī cāḷa /
Statement of responsibility, etc. Purushottama Lakshmaṇa Deśapāṇḍe.
250 ## - EDITION STATEMENT
Edition statement [1. āvr̥tti].
260 ## - PUBLICATION, DISTRIBUTION, ETC.
Place of publication, distribution, etc. Mumbaī :
Name of publisher, distributor, etc. Mauja Prakāśana Gr̥ha,
Date of publication, distribution, etc. [1958]
300 ## - PHYSICAL DESCRIPTION
Extent 204 p. ;
Dimensions 19 cm.
500 ## - GENERAL NOTE
General note In Marathi.

No items available.

Powered by Koha